Nexos universitarios : diseño de las articulaciones para la Sede Rodrigo Facio de la Universidad de Costa Rica
Tallennettuna:
| Päätekijä: | |
|---|---|
| Muut tekijät: | |
| Aineistotyyppi: | Tuntematon |
| Kieli: | Spanish |
| Julkaistu: |
[San José, Costa Rica]
2017
|
| Aiheet: | |
| Tagit: |
Lisää tagi
Ei tageja, Lisää ensimmäinen tagi!
|
MARC
| LEADER | 00000 a2200000 4500 | ||
|---|---|---|---|
| 003 | EA0186 | ||
| 005 | 20230228090057.0 | ||
| 008 | 140114s2017 cr a 000 ||spa d | ||
| 040 | |c cru CEDI | ||
| 090 | |a TFG EA-186 | ||
| 100 | |a Calderón Hernández, Diana |9 20366 | ||
| 245 | |a Nexos universitarios : diseño de las articulaciones para la Sede Rodrigo Facio de la Universidad de Costa Rica | ||
| 260 | |a [San José, Costa Rica] |c 2017 | ||
| 500 | |a Proyecto de graduación (licenciatura en arquitectura)--Universidad de Costa Rica. Facultad de Ingeniería. Escuela de Arquitectura | ||
| 501 | |a Director de Proyecto de Graduación: Arq. Johnny Pérez González | ||
| 610 | |x UNIVERSIDAD DE COSTA RICA. FINCA NO. 1 |x UNIVERSIDAD DE COSTA RICA. FINCA NO. 2 (SABANILLA, MONTES DE OCA) |x UNIVERSIDAD DE COSTA RICA.. Finca no. 3 | ||
| 650 | |x DISEÑO URBANO |x ARQUITECTURA Y PERSONAS CON DISCAPACIDADES |x DISEÑO ARQUITECTONICO | ||
| 700 | |9 93 |a Pérez González, Johnny, 1962- |d Director del TFG | ||
| 942 | |c CEDI |2 ddc | ||
| 999 | |c 11697 |d 11697 | ||
